000 00539nam a2200181Ia 4500
005 20250326140500.0
008 250326s9999 xx 000 0 und d
037 _aTextbook
040 _aFMSL
_beng
_cFMSL
041 _aeng
_2eng
084 _aX9W:8 M2
_qFMSL
100 _aNIGAM
245 0 _aPublic sector management and vigilance
_cNIGAM
260 _aNew Delhi
_bNew Delhi, Documentation Centre for Corporate And Business Policy Research
_c1982
300 _av
942 _cTB
_hX9W:8 M2
999 _c1286014
_d1286014